Statistiques concernant Qui suis-je ? (version foot)

Cliquez ici pour prendre le quiz!

Statistiques générales

  • Ce quiz a été pris 208 fois
  • Le résultat moyen est 9 sur 20

Statistiques - réponses

Qui suis-je ?Nom du joueur% Correct
Elu meilleur footballeur portugais de l'année 5 ans de suite, j'ai devancé Z. Zidane de quelques points pour remporter le Ballon d'Or en 2000. Je suis aujourd'hui à la retraite.Luis Figo
92%
Actuellement consultant football, j'ai marque le football anglais de mon empreinte. Champion du monde et d'Europe, membres des invincibles, je prends ma retraite en 2014 à 37 ans après un passage aux Etats-Unis.Thierry Henry
69%
Je suis connu pour mon tempérament de feu. Acteur majeur et figure du nouveau Paris Saint-Germain sous l'ère QSI, je n'ai pas réussi à faire gagner la LDC au club, trophée manquant à mon palmarès également.Zlatan Ibrahimović
68%
Joueur portugais, j'ai remporté 11 championnats avec le Benfica et 2 coupes d'Europe des clubs champions. J'ai été élu meilleur de la Coupe du Monde 1966 et ballon d'or en 1965.Eusébio
66%
Lauréat du ballon d'Or 1957 et 1959, j'ai remporté 5 fois d'affilée la coupe d'Europe des clubs avec le Real Madrid.Alfredo Di Stefano
63%
Sélectionnez 116 fois en Equipe de France, dont j'ai été capitaine de 2000 à 2004, j'ai remporté la coupe du monde 98. Lorsque je jouais à Chelsea, de 1998 à 2004, mon surnom était "The rock".Marcel Desailly
60%
Golden Boy 2016, je quitte le Portugal en tant que grand espoir. Je connais malheureusement 3 ans compliqués avant de rejoindre la France et relancer ma carrière, me permettant de rejoindre le club de la capitale.Renato Sanches
60%
Je débute ma carrière en Croatie avant de rejoindre l'Inter Milan pour renforcer le milieu de terrain. Finaliste de l'Europa League 2020 et de la Coupe du Monde 2018, je suis en phase de disputer la finale de LDC 2023.Marcelo Brozović
58%
Aujourd'hui à la tête de la sélection de mon pays et membre du club des cents de l'Ajax, j'ai remporté 4 championnats de suite dans les années 90 avec le FC Barcelone. Je suis le connu comme étant le défenseur qui marque le plus de buts dans l'histoire du football.Ronald Koeman
53%
Né en 1973, j'ai été champion du monde et vainqueur de l'euro à la suite. J'ai aussi été champion d'Angleterre en 2002 et 2004, et vainqueur de la coupe d'Angleterre en 2003 et 2005 avec Arsenal.Robert Pirès
47%
Joueur argentin arrivé en Angleterre à l'âge de 22 ans, j'ai grandement participé à l'un des sacres de mon pays en Coupe du Monde, après avoir remporté la Copa America en jouant un seul petit match.Julian Alvarez
45%
Je suis originaire de Paris, et débute ma carrière au Havre. J'ai joué en Angleterre, au Real Madrid, à l'OM et au PSG, où je mettrais un terme à ma carrière.Lassana Diarra
45%
Je suis né en 1985 en Turquie. J'ai joué plus de 17 ans en Turquie en passant par Beşiktaş, Fenerbahçe, Trabzonspor ou encore Galatasaray. J'ai par la suite rejoins la France pour deux saisons, et où j'ai pu remporter le championnat de France en inscrivant notamment un doublé face à Lyon.Burak Yilmaz
44%
Je suis un joueur colombien à la retraite. J'ai marqué les esprits par ma qualité de passe mais aussi par ma coupe de cheveux atypique et exubérante.Carlos Valderrama
38%
Je suis un défenseur brésilien ayant marqué la Bundesliga avec le Bayer Leverkusen et Bayern Munich, puis la séria A. Je remporte la Coupe du Monde 2002 et Ligue des Champions 2010 avec l'Inter, avant de retrouver mon pays natal en 2013 et d'y finir ma carrière en 2019.Lucio
36%
Aujourd'hui à la tête de la fédération de football de mon pays, j'ai été champion d'Italie avec la Juventus en 1995 et avec le Milan AC en 1996. Je suis également célèbre pour mon catogan.Roberto Baggio
24%
Originaire de Pau, j'ai été 7 fois d'affilé champion de France. J'ai marqué une extraordinaire reprise de volée en juin 1975 en finale de Coupe de France contre Lens.Jean-Michel Larqué
17%
Je commence ma carrière professionnelle au FC Nantes où j'y dispute plus de 100 matchs avant de rejoindre un club du Sud-Est de la France. Je quitte ce club suite à des prestations moyennes pour rejoindre la Turquie en 2022.Léo Dubois
15%
Footballeur Français né en 1966 et retraité depuis 1997. J'ai joué à l'AJA et pour un club Français à l'accent chantant, puis j'ai joué en Ecosse dans un des clubs de Glasgow. J'ai aussi joué dans le club de la principauté, puis pour un club japonais vainqueur de la Ligue des Champions asiatique.Basile Boli
7%
Joueur mythique de l'OGC Nice, j'ai notamment offert à mon club en 1960 une victoire contre le Real Madrid en inscrivant un triplé en seconde période, alors que nous étions menés 2-0, offrant ainsi la première victoire Française en coupe d'Europe contre le Real Madrid.Victor Nurenberg
4%

Distribution des résultats

Percentile par nombre de réponses

% des personnes avec chaque résultat

Votre développement - résultats

Vous n’avez pas pris ce quiz